000 008160000a22002410004500
041 0 _aEspañol
090 _aMM
_b00007
245 1 0 _aDesarrollo silvicultural en el Pacífico, Buenaventura y bajo Calima
300 _a17 min.
_bBETA
650 1 4 _aBosques tropicales
_992765
650 1 4 _aEspecies forestales nativas
_919406
650 1 4 _aManejo de bosques naturales
_915128
650 1 4 _aRegeneración natural
_96918
650 1 4 _aUso del bosque
_9100888
651 4 _mTumaco
_dNariño
_pColombia
_992749
651 4 _mSan Isidro
_dValle del Cauca
_pColombia
_992749
651 4 _mRiosucio
_dChocó
_pColombia
_992749
041 0 _aEspañol
044 _aColombia
110 1 _aInstituto Nacional de los Recursos Renovables y del Ambiente
_sINDERENA
_9100867
260 _aBogotá
_bINDERENA
_c1992
942 _cCD-ROM
999 _c16471
_d16471